00601nam a2200217Ia 4500008004100000020001800041050001600059100002700075245001200102245001400114245002900128250001800157260001500175260001300190260000900203300001600212300002000228300001000248999001900258952010600277170918s9999 xx 000 0 und d a9780061706561 bP448we 2010 aPerkins-Valdez, Dolen  aWench : ba novel / cby Dolen Perkins-Valdez. aFirst edition aNew York : bAmistad, c2010 a290 pages : billustrations ; c20cm. c343872d343872 001040aSSISMbSSISMd2017-09-18l0oFIC P448we 2010pSSISM2944r2017-09-18 00:00:00w2017-09-18yBK